Ergodic theory,symbolic dynamics,and hyperbolic spaces/ (Record no. 8430)

MARC details
000 -LEADER
fixed length control field 00666nam a22002177a 4500
003 - CONTROL NUMBER IDENTIFIER
control field OSt
005 - DATE AND TIME OF LATEST TRANSACTION
control field 20240612122838.0
008 - FIXED-LENGTH DATA ELEMENTS--GENERAL INFORMATION
fixed length control field 240612b |||||||| |||| 00| 0 eng d
020 ## - INTERNATIONAL STANDARD BOOK NUMBER
International Standard Book Number 0198596855
040 ## - CATALOGING SOURCE
Transcribing agency MUST
082 ## - DEWEY DECIMAL CLASSIFICATION NUMBER
Classification number 515.4 ERG 1991
245 ## - TITLE STATEMENT
Title Ergodic theory,symbolic dynamics,and hyperbolic spaces/
Statement of responsibility, etc. Edited by Tim Bedford, Michael keane and Caroline Series
260 ## - PUBLICATION, DISTRIBUTION, ETC. (IMPRINT)
Place of publication, distribution, etc. Oxford:
Name of publisher, distributor, etc. Oxford University press;
Date of publication, distribution, etc. c1991.
300 ## - PHYSICAL DESCRIPTION
Extent xv,369p.;
Other physical details ill;
Dimensions 23cm
504 ## - BIBLIOGRAPHY, ETC. NOTE
Bibliography, etc Includes Bibliography
600 ## - SUBJECT ADDED ENTRY--PERSONAL NAME
Source of heading or term ergodic theory
700 ## - ADDED ENTRY--PERSONAL NAME
Personal name Bedford,Tim
9 (RLIN) 17129
700 ## - ADDED ENTRY--PERSONAL NAME
Personal name keane Micheal
9 (RLIN) 17130
700 ## - ADDED ENTRY--PERSONAL NAME
Personal name Series ,Caroline
9 (RLIN) 17131
942 ## - ADDED ENTRY ELEMENTS (KOHA)
Source of classification or shelving scheme Dewey Decimal Classification
Koha item type Open Shelf
Holdings
Withdrawn status Lost status Source of classification or shelving scheme Damaged status Not for loan Home library Current library Date acquired Source of acquisition Inventory number Total Checkouts Full call number Barcode Date last seen Price effective from Koha item type
    Other/Generic Classification Scheme     MUST Main Library MUST Main Library 12/06/2024 Donation 2000/14245   515.4 ERG 1991 2024-20378 12/06/2024 12/06/2024 Open Shelf
    Other/Generic Classification Scheme     MUST Main Library MUST Main Library 12/06/2024 Donation 2000/14246   515.4 ERG 1991 2024-20404 12/06/2024 12/06/2024 Open Shelf
    Other/Generic Classification Scheme     MUST Main Library MUST Main Library 12/06/2024 Donation 2000/14242   515.4 ERG 1991 2024-20405 12/06/2024 12/06/2024 Open Shelf
    Other/Generic Classification Scheme     MUST Main Library MUST Main Library 12/06/2024 Donation 2000/14243   515.4 ERG 1991 2024-20407 12/06/2024 12/06/2024 Open Shelf
    Other/Generic Classification Scheme     MUST Main Library MUST Main Library 12/06/2024 Donation 2000/14244   515.4 ERG 1991 2024-20408 12/06/2024 12/06/2024 Open Shelf